00573nam a2200169Ia 4500008004100000100001600041245008800057245003100145260005900176260000900235300000800244650001800252650001500270856002600285999001900311952007300330170221s9999 xx 000 0 und d aAnamika Ray aMedia Glare or Media Trial Ethical Dilemma between two Estates of India Democracy  cAnamika Ray, Ankuran Dutta bOnline Journal of Communication and Media Technologies c2012 a9 : xCommunication xMedia Arts uhttp://www.ojcmt.net/ c308956d308956 001040aCLbCLd2017-02-21l0r2017-02-21 00:00:00w2017-02-21yFOJ